00414nam a2200145Ia 4500003000400000008004100004040001600045082001500061100002400076245007400100260005700174300000800231650001900239650001000258GCL140319s9999 xx 000 0 eng d aGCL / cGCL04a728.8bA V1 aACK ERMAN, JAMES. S10aTHE VILLA FORM AND IDEOLOGY OF COUNTRY HOUSES / cACK ERMAN, JAMES. S a[S.N] : bBRITISH LIBRARY CATOLOGING GREAT ، c1995 a30404aCOUNTRY HOUSES04aNELLA